Digital integrated circuits (Record no. 77)
[ view plain ]
| 000 -LEADER | |
|---|---|
| Fixed length control field | 00524nam a2200193 4500 |
| 003 - CONTROL NUMBER IDENTIFIER | |
| Control field | SEACOMMC |
| 005 - DATE AND TIME OF LATEST TRANSACTION | |
| Control field | 20231010085409.0 |
| 008 - FIXED-LENGTH DATA ELEMENTS--GENERAL INFORMATION | |
| Fixed length control field | 231010b |||||||| |||| 00| 0 eng d |
| 020 ## - INTERNATIONAL STANDARD BOOK NUMBER / ISBN | |
| Price | $ 8.50 |
| 040 ## - CATALOGING SOURCE | |
| Original cataloging agency | SEACOMMC |
| 082 ## - DEWEY DECIMAL CLASSIFICATION NUMBER | |
| Classification number | 621.3815 |
| Book Number | DEM |
| 100 1# - MAIN ENTRY--PERSONAL NAME | |
| Personal name | Demassa, Thomas A. |
| 245 1# - TITLE STATEMENT | |
| Title | Digital integrated circuits |
| Statement of responsibility | Thomas A. Demassa and Zack Ciccone |
| 260 ## - IMPRINT | |
| Place of publication | New York |
| Name of publisher | John Wiley |
| Date of publication | 2003 |
| 650 ## - SUBJECT ADDED ENTRY--TOPICAL TERM | |
| Topical term | Engineering |
| 650 ## - SUBJECT ADDED ENTRY--TOPICAL TERM | |
| Topical term | Electronics, communications engineering |
| 700 1# - ADDED ENTRY--PERSONAL NAME | |
| Personal name | Ciccone, Zack |
| 942 ## - ADDED ENTRY ELEMENTS (KOHA) | |
| Koha item type | Books |
| Withdrawn status | Lost status | Source of classification | Damaged status | Not for loan | Home library | Current library | Date acquired | Total Checkouts | Call number | Accession number | Date last seen | Price effective from | Koha item type |
|---|---|---|---|---|---|---|---|---|---|---|---|---|---|
| Dewey Decimal Classification | SEACOM MANAGEMENT COLLEGE | SEACOM MANAGEMENT COLLEGE | 22/07/2006 | 621.3815 DEM | 04122 | 10/10/2023 | 10/10/2023 | Books |
